000 00765nam0a2200265 4500
001 RU\NLR\b_ik\102195
005 20250616225115.0
010 _a5-8346-0215-0
_93000
035 _a(NLR Aleph) 002176073
090 _a2719384
_c2719384
100 _a20031104d2003 |||y0rusy50 ca
101 0 _aeng
102 _aRU
105 _aa |||||||||
200 9 _aFoundation
_e[A novel]
_fIsaac Asimov
210 _aМ.
_cМенеджер
_d2003
215 _a251, [2] с.
_cил.
_d20
300 _aВ вып. дан.: Академия / А. Азимов
517 0 _aАкадемия
686 4 _aШ6(7США)62-445{Лх1979-62}
700 1 _aAsimov
_bI.
_f1920-1992
_gIsaac
_4070
801 0 _aRU
_bNLR
_c20031104
_gPSBO
942 _cBOOK
980 _aNB